000 00640cam a22002531 4500
001 sa 63002260
003 DLC
005 20260227111932.0
008 850311s1962 ii a 001 0 eng
010 _asa 63002260
035 _a(OCoLC)11790600
040 _aDLC
_cOWoC
_dDLC
042 _apremarc
043 _aa-ii---
045 _aa0o0
050 0 0 _aDS451
_b.M18 1962
100 1 _aMahajan, Vidya Dhar.
245 1 0 _aAncient India.
250 _a[2d ed.]
260 _aDelhi,
_bS. Chand,
_c1962.
300 _a585 p.
_billus.
_c23 cm.
651 0 _aIndia
_xHistory
_yTo 324 B.C.
651 0 _aIndia
_xHistory
_y324 B.C.-1000 A.D.
999 _c54378
_d54378